MDQL
is popping MORE tags! Check the
thread
!
Quizzes
Events
Quiz Creation
Community
Videos
Private Events
Remove Ads
Sign In
Join for FREE
Feedback
Dark Mode
Quiz Categories
Sports
Geography
Music
Movies
Television
Just For Fun
Miscellaneous
History
Literature
Language
Science
Gaming
Entertainment
Religion
Holiday
For Kids
Quiz Lab
Recent
Popular Today
Quiz Kudos Today
Editor Picks
Curator Picks
Quizzes by...
Day
Popularity
Type
Ratings
Length
Year
Community
Subscriptions
Recent Discussions
Orange Saloon
Badges
Playlists
Quests
Create
Leaderboards
Showdown
Live 5
Trivia Bingo
Activity
Puzzle Library
Sporcle Events
Private Events
Virtual Trivia
Globe League
Become a Host
Pub Owners
SporcleCon
Opinionation
Our Games
Videos
Blog
Mobile Apps
Partnerships
Remove Ads and Go Orange
Feedback
Music
Pop Music
The Beatles
Song
Album
Lyrics
Bands
Singers
Artist
Clip
Rock
Rap
Classical
Billboard
Country Music
Kpop
Taylor Swift
Music
Pop Music
The Beatles
Song
Album
Lyrics
Bands
Singers
Artist
Clip
Rock
Rap
Classical
Billboard
Country Music
Kpop
Taylor Swift
Random Quiz
Search Sporcle
×
Quiz Lab
Quiz Lab
Music
Lyrics
Type in answers that appear in a list
Type in answers that appear in a list
Classic
Best Score? Go Orange.
Guess the Green Day Song 12 Stats
Can you name the Green Day Song 12?
By
Trutravesty
11m
184 Questions
859 Plays
859 Plays
859 Plays
Comments
Comments
Give Quiz Kudos
Give Quiz Kudos
-
- Ratings
hide this ad
Replay
Link that replays current quiz
Next Quiz
Link to next quiz in quiz playlist
You Got
0%
They Got
Avg Score
47%
Avg Friend Score
Upgrade to see
Score Distribution
Jump to the score distribution portion of the page
Score
0/184
Timer
11:00
0
Plays Today
% Correct
A
96.5%
and
96.5%
a
96.5%
the
96.5%
And
96.5%
a
96.5%
and
96.5%
and
96.5%
a
96.5%
a
96.5%
the
96.5%
a
96.5%
the
96.5%
and
96.5%
a
96.5%
and
96.5%
and
96.5%
a
96.5%
a
96.5%
I
95.7%
I
95.7%
I
95.7%
I
95.7%
I
95.7%
I
95.7%
I
95.7%
I
95.7%
I
95.7%
he's
80.4%
he's
80.4%
he's
80.4%
he's
80.4%
you
77.8%
Oh
73.3%
He
71.5%
He
71.5%
It's
70%
to
66.2%
to
66.2%
to
66.2%
to
66.2%
me
65%
me
65%
no
63.8%
no
63.8%
in
62.5%
it
62.4%
it
62.4%
it
62.4%
it
62.4%
it
62.4%
it
62.4%
if
60%
my
59%
my
59%
hasn't
55.9%
hasn't
55.9%
for
53.3%
can
51.9%
that
49.8%
that
49.8%
that
49.8%
% Correct
time
49.5%
when
49.5%
time
49.5%
when
49.5%
just
44.8%
just
44.8%
just
44.8%
was
42.8%
Was
42.8%
head
42.3%
been
41.8%
been
41.8%
who
41.4%
see
41.4%
who
41.4%
There's
41.3%
There's
41.3%
there's
41.3%
There's
41.3%
up
40%
up
40%
up
40%
up
40%
up
40%
up
40%
but
37.8%
but
37.8%
mind
37%
mind
36.9%
now
36.1%
now
36.1%
Or
35.5%
or
35.5%
or
35.5%
his
35%
his
35%
him
34.8%
him
34.8%
him
34.8%
him
34.8%
dream
34.2%
dream
34.2%
gonna
33.1%
gonna
33.1%
need
32.2%
fogs
32.1%
fogs
32.1%
makes
32%
makes
32%
makes
32%
makes
32%
think
31.8%
say
31.7%
say
31.7%
tell
31.4%
take
31.4%
take
31.4%
long
31%
long
31%
Well
30.6%
well
30.6%
Well
30.6%
% Correct
thought
30.2%
thought
30.2%
Never
29.9%
boy
29%
boy
29%
ends
27.8%
ends
27.8%
end
27.7%
end
27.7%
ago
26.7%
first
26.7%
Someone
26.7%
ago
26.7%
first
26.7%
Someone
26.7%
always
26.5%
always
26.5%
world
25.1%
world
25.1%
stand
25%
stand
25%
does
24.9%
getting
24.9%
crazy
24.9%
does
24.9%
getting
24.9%
crazy
24.9%
help
24.8%
help
24.8%
happened
24.4%
happened
24.4%
lazy
23.9%
lazy
23.9%
motivation
23.4%
motivation
23.4%
frustration
23.3%
plan
23.3%
sitting
23.3%
frustration
23.3%
plan
23.3%
sitting
23.3%
forgot
23.2%
find
22.9%
left
22.5%
quitting
22.4%
quitting
22.4%
news
21.4%
mad
21.2%
words
21.2%
mad
21.2%
bursts
21%
behind
20.8%
sure
20.6%
through
20.6%
sure
20.6%
Cause
20.1%
Cause
20.1%
drive
18.3%
drive
18.3%
shuffle
17.6%
Quiz Playlist
Details
Report
Send in Message
Add To Playlist
Classic:
Type in answers that appear in a list
Quiz Source
Last Updated: Feb 16, 2017
Quiz Scoreboard
CHALLENGE
Sign Up to Join the Scoreboard
Show All
Scores
Hide
Comments
May contain spoilers
Recently Published
Image Sorting: Flags VI
by Barbecue
Geography
2m
Find the 'City' Movie
by crazypaving
Movies
60s
Colored Red Africa Blitz
by spor1
Geography
45s
More to Explore
Quiz From the Vault
Featured Blog Post
14 Easter Pick-up Lines to Find Eggs With
hide this ad
You Might Also Like...
Tags
Lyrics Quiz
Song Quiz
green
Green Day
Today's Top Quizzes in Music
Browse Music
hide this ad
Today's Top Quizzes in Lyrics
Browse Lyrics
Top Contributed Quizzes in Music
1
5X2 Blitz: Bands II
2
5X2 Blitz: The Beatles
3
Taylor Swift All Songs (2024)
4
5X2 Blitz: Billboard
5
5X2 Blitz: Billboard II
6
5X2 Blitz: Album
7
5X2 Blitz: Rock
8
5X2 Blitz: Singers
9
Taylor Swift Logic Puzzle II
10
5X2 Blitz: Lyrics
Explore More
Trending Topics
NBA
Crossword
Disney
Anime
Harry Potter
Marvel
Kpop
WWE
Pokémon
Puzzle
NFL
The Office
Country
Soccer
Song
hide this ad
More By:
Trutravesty
Quiz
Plays
Rating
Category
Featured
Created
Guess the Green Day Song 1
7,011
4.31
Music
Sep 16, 2010
Guess the Green Day Song 4
5,335
4.53
Music
Oct 28, 2010
Guess the Green Day Song 17
3,840
4.07
Music
Nov 22, 2010
Guess the Green Day Song 3
3,486
4.22
Music
Sep 16, 2010
Guess the Green Day Song 20
2,938
4.27
Music
Dec 14, 2010
Go to Creator's Profile
Score Distribution
Quiz Creator Spotlight
Trutravesty
Follow
Send a Message
Quizzes Created
-
Created Quiz Play Count
-
More By This Creator
Popular Quizzes Today
1
Colored Red Africa Blitz
2
Find the US States - No Outlines Minefield
3
Find the 'City' Movie
4
5x2 Blitz: Bands
5
The Countries of the World
6
Find the US States
7
Find the Countries of Europe - No Outlines Minefield
8
US States
More Music Quizzes
Outside the Box Blitz: The Beatles Albums
Published
Trending Quizzes
Colored Red Europe Blitz I
Colored Red Europe Blitz II
Colored Red Africa Blitz II
Colored Red Europe Blitz III
Colored Red Africa Blitz III
Recently Updated
How Do You Spell That?
pecheneg
Godzilla Movies
pecheneg
Grab Bag: 4-10 Letters
pecheneg
2024 March Madness Bracket
pecheneg
Famous TV Couples
Peacemaker
Champions League XIs: Real Madrid
pecheneg
Largest US Cities 1790-2010
pecheneg
Rides in Walt Disney World
pecheneg
Most Oscar Losses (Acting)
pecheneg
Beyoncé Albums
pecheneg
Trending Topics
Crossword
Marvel
Disney
Harry Potter
NBA
Kpop
Anime
The Office
Song
NFL
WWE
Puzzle
Soccer
Country
Pokémon
Your Account Isn't Verified!
In order to create a playlist on Sporcle, you need to verify the email address you used during registration. Go to your
Sporcle Settings
to finish the process.
Report this User
Report this user for behavior that violates our
Community Guidelines
.
Details:
Send Report
Go to the Sporcle.com Mobile Site →
Comments